El criticón / (Record n. 11027)
[ formato base ]
| 000 -LEADER | |
|---|---|
| fixed length control field | 00795nam a2200229 i 4500 |
| 003 - CONTROL NUMBER IDENTIFIER | |
| control field | IT-RoINE |
| 005 - DATE AND TIME OF LATEST TRANSACTION | |
| control field | 20160223091843.0 |
| 008 - FIXED-LENGTH DATA ELEMENTS--GENERAL INFORMATION | |
| fixed length control field | 900725s1971 sp 0 1dspa d |
| 040 ## - CATALOGING SOURCE | |
| Original cataloging agency | SpMaBN |
| Transcribing agency | A2 IT-RoINE |
| 100 1# - MAIN ENTRY--PERSONAL NAME | |
| Personal name | Gracián, Baltasar, |
| Dates associated with a name | 1601-1658 |
| 9 (RLIN) | 13537 |
| 245 13 - TITLE STATEMENT | |
| Title | El criticón / |
| Statement of responsibility, etc | Baltasar Gracián ; edición introducción y notas de Evaristo Correa Calderón. |
| 260 ## - PUBLICATION, DISTRIBUTION, ETC. (IMPRINT) | |
| Place of publication, distribution, etc | Madrid : |
| Name of publisher, distributor, etc | Espasa-Calpe, |
| Date of publication, distribution, etc | 1971. |
| 300 ## - PHYSICAL DESCRIPTION | |
| Extent | 3 v. ; |
| Dimensions | 20 cm. |
| 336 ## - CONTENT TYPE | |
| Source | rdacontent |
| Content type term | text |
| 337 ## - MEDIA TYPE | |
| Source | rdamedia |
| Media type term | unmediated |
| 338 ## - CARRIER TYPE | |
| Source | rdacarrier |
| Carrier type term | volume |
| 490 1# - SERIES STATEMENT | |
| Series statement | Clásicos castellanos ; |
| Volume number/sequential designation | 165-167 |
| 504 ## - BIBLIOGRAPHY, ETC. NOTE | |
| Bibliography, etc | Bibliografía: p. LXXVII-XCII. |
| 700 1# - ADDED ENTRY--PERSONAL NAME | |
| Personal name | Correa Calderón, Evaristo, |
| Dates associated with a name | 1899-1986 |
| 9 (RLIN) | 22661 |
| 830 #0 - SERIES ADDED ENTRY--UNIFORM TITLE | |
| 9 (RLIN) | 22520 |
| Uniform title | Clásicos castellanos (Espasa-Calpe) ; |
| Volume number/sequential designation | 165-167 |
| 942 ## - ADDED ENTRY ELEMENTS (KOHA) | |
| Item type | Monografías |
| Withdrawn status | Lost status | Damaged status | Not for loan | Home library | Current library | Date acquired | Total Checkouts | Full call number | Barcode | Date last seen | Price effective from | Koha item type | Public note |
|---|---|---|---|---|---|---|---|---|---|---|---|---|---|
| Iglesia Nacional Española en Roma | Iglesia Nacional Española en Roma | 23/02/2016 | COL.A 31.165 | 20429 | 23/02/2016 | 23/02/2016 | Monografías | V. 1 | |||||
| Iglesia Nacional Española en Roma | Iglesia Nacional Española en Roma | 23/02/2016 | COL.A 31.166 | 20430 | 23/02/2016 | 23/02/2016 | Monografías | V. 2 | |||||
| Iglesia Nacional Española en Roma | Iglesia Nacional Española en Roma | 23/02/2016 | COL.A 31.167 | 20431 | 23/02/2016 | 23/02/2016 | Monografías | V. 3 |